|
|
|
|
| LEADER |
00000nam0a2200000 4500 |
| 001 |
168801 |
| 005 |
20231101222800.0 |
| 035 |
|
|
|a (RuTPU)RU\TPU\book\183119
|
| 090 |
|
|
|a 168801
|
| 100 |
|
|
|a 20091102d1960 m y0rusy50 ca
|
| 101 |
0 |
|
|a rus
|
| 102 |
|
|
|a RU
|
| 105 |
|
|
|a a z 001zy
|
| 200 |
1 |
|
|a Портретные рисунки О. Кипренского
|e альбом
|f сост. Г. Г. Поспелов
|
| 210 |
|
|
|a Москва
|c Советский художник
|d 1960
|
| 215 |
|
|
|a 71 с.
|c ил.
|
| 320 |
|
|
|a Список иллюстраций: с. 69-71.
|
| 600 |
|
1 |
|a Кипренский
|b О. А.
|c российский живописец
|f 1782-1836
|g Орест Адамович
|2 stltpush
|3 (RuTPU)RU\TPU\pers\11967
|9 3075
|
| 610 |
1 |
|
|a портреты
|
| 610 |
1 |
|
|a рисунки
|
| 610 |
1 |
|
|a портретная живопись
|
| 675 |
|
|
|a 74(Кипренский)
|v 3
|
| 702 |
|
1 |
|a Поспелов
|b Г. Г.
|g Глеб Геннадьвич
|4 220
|
| 801 |
|
1 |
|a RU
|b 63413507
|c 20091102
|
| 801 |
|
2 |
|a RU
|b 63413507
|c 20100915
|g RCR
|
| 942 |
|
|
|c BK
|